Quais de Strasbourg - Statistiques

Statistiques générales
  • Ce quiz a été pris 22 fois
  • Le résultat moyen est 3 sur 54
Statistiques - réponses
Hint Réponse % Correct
Quai des Bateliers
85%
Quai Finkwiller
35%
Quai des Pêcheurs
30%
Quai Saint Nicolas
30%
Quai Kléber
15%
Quai Saint Jean
15%
Quai Sturm
15%
Quai de Paris
10%
Quai Finkmatt
10%
Quai Fustel de Coulanges
10%
Quai Saint Thomas
10%
Quai des Alpes
5%
Quai des Belges
5%
Quai Edmond Valentin
5%
Quai Koch
5%
Quai Lezay Marnésia
5%
Quai Ménachem Taffel
5%
Quai Mullenheim
5%
Quai Rouget de l'Isle
5%
Quai au Sable
0%
Quai Charles Altorffer
0%
Quai Charles Frey
0%
Quai de la Brucher
0%
Quai de la Flassmatt
0%
Quai de la Petite France
0%
Quai de la Tuilerie
0%
Quai de l'Orangerie
0%
Quai Desaix
0%
Quai des Joncs
0%
Quai des Moulins
0%
Quai de Traenheim
0%
Quai de Turckheim
0%
Quai Doernelbruck
0%
Quai du Bassin de l'Ill
0%
Quai du Bruckhof
0%
Quai du Brulig
0%
Quai du Canal de la Bruche
0%
Quai du Canal de la Marne au Rhin
0%
Quai du Chanoine Winterer
0%
Quai du Général Koenig
0%
Quai du Marie Dietrich
0%
Quai du Murhof
0%
Quai du Woerthel
0%
Quai Ernest Bévin
0%
Quai Jacoutot
0%
Quai Jeanne Helbing
0%
Quai Kellermann
0%
Quai Louis Pasteur
0%
Quai Marc Bloch
0%
Quai Mathiss
0%
Quai Pasteur
0%
Quai Sainte Attale
0%
Quai Schoepflin
0%
Quai Zorn
0%
Aucun quiz correspondant
Distribution des résultats
% des personnes avec chaque résultat
Percentile par nombre de réponses
Votre historique - résultats
Vous n’avez pas pris ce quiz